书目信息 |
| 题名: |
周易哲学与应用
|
|
| 作者: | 谭大樑 , 谭光月 , 谭明生 著 | |
| 分册: | ||
| 出版信息: | 北京 现代出版社 2016 |
|
| 页数: | 232页 | |
| 开本: | 24cm | |
| 丛书名: | ||
| 单 册: | ||
| 中图分类: | B221.5 , C934 | |
| 科图分类: | ||
| 主题词: | ||
| 电子资源: | ||
| ISBN: | 978-7-5143-4583-4 | |
| 000 | 01162nam0 2200277 450 | |
| 001 | 012001004687 | |
| 005 | 20140928162350.0 | |
| 010 | @a978-7-5143-4583-4@dCNY49.80 | |
| 100 | @a20170619d2016 em y0chiy50 ea | |
| 101 | 0 | @achi |
| 102 | @aCN@b110000 | |
| 105 | @aa z 000yy | |
| 106 | @ar | |
| 200 | 1 | @a周易哲学与应用@9zhou yi zhe xue yu ying yong@e战略决策咨询指要@f谭大樑,谭光月,谭明生著 |
| 210 | @a北京@c现代出版社@d2016 | |
| 215 | @a232页@c图@d24cm | |
| 330 | @a中华民族的伟大文化经典——《易经》,体系瑰丽奇特,包括易卦符号、易经经文、易经象数、易经传辞(系辞等十翼)。据后人研究,有提出伏羲时代本有六十四卦,非神农时重卦。后学研究认为,易经有文王逝后之史事,不可能编撰经文。至于易经本义之解,更是莫衷一是。本书着重阐述易经的精髓“阴阳协调,刚柔相济”八字真言。作者并把易经运用战略的咨询领域。 | |
| 517 | 1 | @a战略决策咨询指要@9zhan lve jue ce zi xun zhi yao |
| 605 | @a周易@x应用@x决策@x咨询@x研究 | |
| 690 | @aB221.5@v5 | |
| 690 | @aC934@v5 | |
| 701 | 0 | @a谭大樑@9tan da liang@4著 |
| 701 | 0 | @a谭光月@9tan guang yue@4著 |
| 701 | 0 | @a谭明生@9tan ming sheng@4著 |
| 801 | 0 | @aCN@b上海新华@c20180901 |
| 905 | @b1171262-6@dB221.5@e875@f5 | |
| 周易哲学与应用:战略决策咨询指要/谭大樑,谭光月,谭明生著.-北京:现代出版社,2016 |
| 232页:图;24cm |
| ISBN 978-7-5143-4583-4:CNY49.80 |
| 中华民族的伟大文化经典——《易经》,体系瑰丽奇特,包括易卦符号、易经经文、易经象数、易经传辞(系辞等十翼)。据后人研究,有提出伏羲时代本有六十四卦,非神农时重卦。后学研究认为,易经有文王逝后之史事,不可能编撰经文。至于易经本义之解,更是莫衷一是。本书着重阐述易经的精髓“阴阳协调,刚柔相济”八字真言。作者并把易经运用战略的咨询领域。 |
| ● |
| 相关链接 |
|
|
|
|
正题名:周易哲学与应用
索取号:B221.5/875
 
预约/预借
| 序号 | 登录号 | 条形码 | 馆藏地/架位号 | 状态 | 备注 |
| 1 | 1171262 | 211712627 | 第一样本阅览室/ [索取号:B221.5/875] | 在馆 | |
| 2 | 1171263 | 211712636 | 第一借阅区/ [索取号:B221.5/875] | 在馆 | |
| 3 | 1171264 | 211712645 | 第一借阅区/ [索取号:B221.5/875] | 在馆 | |
| 4 | 1171265 | 211712654 | 第一借阅区/ [索取号:B221.5/875] | 在馆 | |
| 5 | 1171266 | 211712663 | 第一借阅区/ [索取号:B221.5/875] | 在馆 |